| 000 | 01363nam a22003255a 4500 | ||
|---|---|---|---|
| 999 |
_c27478 _d27449 |
||
| 003 | EG-ScBUE | ||
| 005 | 20200128102031.0 | ||
| 008 | 190522s1997 ua f b 000 0 ara d | ||
| 017 | _a1997 / 10275 | ||
| 020 | _a977194195X | ||
| 040 |
_aEG-ScBUE _bara _erda _cEG-ScBUE _dEG-ScBUE |
||
| 043 | _aa-cc--- | ||
| 082 | 0 | 4 |
_a320.95105 _bع ز ي _222 |
| 100 | 1 |
_aعبد العزيز، عبد العزيز حمدي، _d1959- _eمؤلف. _927965 |
|
| 245 | 1 | 2 |
_aالتجربة الصينية : _bدراسة : أبعادها الأيديولوجية والتاريخية والاقتصادية / _cتأليف د. عبد العزيز حمدي عبد العزيز. |
| 250 | _aالطبعة الأولى. | ||
| 264 | 1 |
_aالقاهرة : _bأم القرى للطبع والنشر والتوزيع، _c1997. |
|
| 300 |
_a371 صفحة ؛ _c24 سم |
||
| 336 |
_2rdacontent _aنص _btxt |
||
| 337 |
_2rdamedia _aبدون وسيط _bn |
||
| 338 |
_2rdacarrier _aمجلد _bnc |
||
| 504 | _aيشتمل على إرجاعات ببليوجرافية. | ||
| 541 |
_aالمركز الثقافي الصيني بالقاهرة ؛ _cإهداء |
||
| 650 | _2BUEsh | ||
| 651 | 7 |
_aالصين _xأحوال اقتصادية. _2BUEsh _931220 |
|
| 651 | 7 |
_aالصين _xأحوال سياسية. _2BUEsh _927970 |
|
| 653 |
_bBUSBOL _bGGEN _cMay2019 |
||
| 655 | _vReading book | ||
| 942 | _2ddc | ||